| 000 | 00954nmc a2200325 a 4500 | ||
|---|---|---|---|
| 003 | AR-BaBNM | ||
| 005 | 20251128211356.0 | ||
| 008 | 104020s2003 ||||||||||||||000 | spa|| | ||
| 020 | _a950-808-373-5 | ||
| 040 | _cAR-BaBNM | ||
| 245 | 1 | 0 |
_aDemocracia, desarrollo humano y ciudadanía _breflexiones sobre la calidad de la democracia en América Latina |
| 250 | _a1ª ed. | ||
| 260 |
_aRosario _bHomo Sapiens Ediciones _c2003 |
||
| 300 | 0 | _a360 p. | |
| 490 | 0 | _aPoliteia | |
| 650 | 4 | _aCIUDADANIA | |
| 650 | 4 | _aDESARROLLO HUMANO | |
| 650 | 4 | _aDEMOCRACIA | |
| 650 | 4 | _aDERECHOS SOCIALES Y ECONOMICOS | |
| 650 | 4 | _aESTADO | |
| 650 | 4 | _aDERECHOS HUMANOS | |
| 650 | 4 | _aDERECHOS CIVILES Y POLITICOS | |
| 651 | 4 | _aAmérica Latina | |
| 700 | 1 |
_aO'Donnell, Guillermo _ecompilador |
|
| 700 | 1 |
_aIazzetta, Osvaldo M. _ecompilador |
|
| 700 | 1 |
_aVargas Cullell, Jorge _ecompilador |
|
| 800 | 1 | _aQuiroga, Hugo | |
| 942 | _cBK | ||
| 998 | _cMariana | ||
| 999 |
_c19407 _d19407 |
||